000
00296 a2200085 4500
020
_a
9788194867425
100
_a
Rawal-Sniha M.
_9
211699
245
_a
महिला क्रांतिकारकांच्या कथा भाग १
260
_b
Bharatiya Vichar Sadhana Pune Prakashan
_c
2023
999
_c
365702
_d
365702